[Event "CAN-ch U10"]
[Site "Kapuskasing"]
[Date "2004.07.07"]
[Round "4"]
[White "Kaufman, Elliot"]
[Black "Gladstone, Simon"]
[Result "0-1"]
[WhiteElo "1073"]
[BlackElo "1193"]
[PlyCount "124"]
[EventDate "2004.07.06"]
[EventType "swiss"]
[EventRounds "7"]
[EventCountry "CAN"]
[SourceTitle "EXT 2006"]
[Source "ChessBase"]
[SourceDate "2005.11.24"]
[SourceVersion "1"]
[SourceVersionDate "2005.11.24"]
[SourceQuality "1"]

1. e4 e6 2. c4 d5 3. cxd5 exd5 4. exd5 Qxd5 5. Nc3 Qd8 6. d4 Nc6 7. Nf3 Nf6 8. Qe2+ Qe7 9. Qxe7+ Bxe7 10. Nb5 Bd8 11. Bg5 a6 12. Nc3 0-0 13. 0-0-0 Ng4 14. Rd2 Bf5 15. h3 Nf6 16. Bd3 Bxd3 17. Rxd3 Be7 18. Re1 Rad8 19. d5 Bc5 20. Bxf6 gxf6 21. Rf1 Ne7 22. Ne4 Bb6 23. Nxf6+ Kg7 24. Nh5+ Kh8 25. Ne5 Rxd5 26. Rxd5 Nxd5 27. Rd1 c6 28. f4 Be3+ 29. Kc2 Bxf4 30. Nxf4 Nxf4 31. Rf1 Nxg2 32. Rxf7 Rxf7 33. Nxf7+ Kg7 34. Kd3 Kxf7 35. Ke4 Kg6 36. Kf3 Nh4+ 37. Kg4 Nf5 38. b3 h5+ 39. Kf4 b5 40. b4 Ne7 41. a3 Nd5+ 42. Ke5 Kg5 43. Kd6 Kh4 44. Kxc6 Kxh3 45. Kb7 Kg4 46. Kxa6 Ne3 47. Kb6 h4 48. Kc5 h3 49. Kd4 Nd1 50. Kd5 h2 51. Kc6 Nc3 52. a4 h1Q+ 53. Kb6 bxa4 54. b5 Qb1 55. Kc5 Qxb5+ 56. Kd6 Qd5+ 57. Kc7 Nb5+ 58. Kb6 a3 59. Ka5 a2 60. Kb6 Kf5 61. Ka5 a1Q+ 62. Kb6 Qa7# 0-1

[Event "CAN-ch U10"]
[Site "Kapuskasing"]
[Date "2004.07.06"]
[Round "2"]
[White "Kaufman, Elliot"]
[Black "Kieu, Marc Andre"]
[Result "0-1"]
[WhiteElo "1073"]
[BlackElo "1421"]
[PlyCount "78"]
[EventDate "2004.07.06"]
[EventType "swiss"]
[EventRounds "7"]
[EventCountry "CAN"]
[SourceTitle "EXT 2006"]
[Source "ChessBase"]
[SourceDate "2005.11.24"]
[SourceVersion "1"]
[SourceVersionDate "2005.11.24"]
[SourceQuality "1"]

1. e4 e5 2. Nf3 Nc6 3. d4 exd4 4. Nxd4 Nxd4 5. Qxd4 Nf6 6. Nc3 d6 7. Bg5 Be7 8. Be2 0-0 9. 0-0-0 Be6 10. h4 h6 11. Bf4 a6 12. Qe3 b5 13. Bxh6 gxh6 14. Qxh6 b4 15. Na4 Qd7 16. b3 Nxe4 17. Rh3 Bf6 18. Rdh1 Nxf2 19. Bd3 Nxd3+ 20. Rxd3 Bg7 21. Qg5 Bf5 22. Rg3 Bg6 23. h5 f5 24. Qxf5 Bxf5 25. h6 Bg6 26. Rgh3 Be5 27. c3 bxc3 28. Nxc3 Kh7 29. Nd5 Rfe8 30. Rf1 Rac8 31. Nf6+ Bxf6 32. Rxf6 Re1+ 33. Kd2 Rce8 34. Kc3 R8e3+ 35. Rxe3 Rxe3+ 36. Kd4 Rd3+ 37. Kc4 Kxh6 38. Rxg6+ Kxg6 39. Kxd3 Kf5 0-1